000 00469nam a22001217a 4500
008 220102b |||||||| |||| 00| 0 eng d
082 _222
100 _aகுருபாதம், எஸ்.
_eedt
245 _aபோதிதர்மர் பற்றிய அற்புதமான விஷயங்கள்
260 _aசென்னை
_b மணிமேகலைப் பிரசுரம்
_c2014
300 _a286 பக்கங்கள்
942 _cEB
999 _c3
_d3